International law /

محفوظ في:
التفاصيل البيبلوغرافية
المؤلف الرئيسي: Shaw, Malcolm N.
التنسيق: كتاب
منشور في: New York : Cambridge University Press, c2008.
الطبعة:6th ed.
الموضوعات:
الوصول للمادة أونلاين:http://www.loc.gov/catdir/enhancements/fy0838/2008037228-b.html
http://www.loc.gov/catdir/enhancements/fy0838/2008037228-d.html
http://www.loc.gov/catdir/enhancements/fy0838/2008037228-t.html
الوسوم: إضافة وسم
لا توجد وسوم, كن أول من يضع وسما على هذه التسجيلة!

MARC

LEADER 00000cam a2200000 a 4500
005 20260330114538.0
020 |a 9780521728140 (pbk.)  |c TZS 78,000/= 
020 |a 9780521899291 (hbk.) 
040 |a MCCL  |b eng.  |e AACR 2nd rev. ed. 
082 0 0 |a 341 SHAW 
100 1 |a Shaw, Malcolm N. 
245 1 0 |a International law /  |c Malcolm N. Shaw. 
250 |a 6th ed. 
260 |a New York :  |b Cambridge University Press,  |c c2008. 
300 |a clxvi, 1542 p. ;  |c 23 cm. 
504 |a Includes bibliographical references and index. 
504 |a Includes Web resources. 
650 0 |a International law. 
856 4 2 |u http://www.loc.gov/catdir/enhancements/fy0838/2008037228-b.html 
856 4 2 |u http://www.loc.gov/catdir/enhancements/fy0838/2008037228-d.html 
856 4 1 |u http://www.loc.gov/catdir/enhancements/fy0838/2008037228-t.html 
942 |c BK 
999 |c 12558  |d 12558